| 000 | 02044nam a2200409 a 4500 | ||
|---|---|---|---|
| 001 | ebr10211091 | ||
| 003 | CaPaEBR | ||
| 006 | m u | ||
| 007 | cr cn||||||||| | ||
| 008 | 060623s2007 enkaf sb 001 0 eng | ||
| 010 | _z 2006021157 | ||
| 015 |
_aGBA706573 _2bnb |
||
| 016 | 7 |
_z013650697 _2Uk |
|
| 020 | _z0754654850 (hbk. : alk. paper) | ||
| 020 | _z9780754654858 (hbk. : alk. paper) | ||
| 040 |
_aCaPaEBR _cCaPaEBR |
||
| 035 | _a(OCoLC)319491981 | ||
| 043 | _ae-uk--- | ||
| 050 | 1 | 4 |
_aBX5176 _b.D38 2007eb |
| 082 | 0 | 4 |
_a262/.12342 _222 |
| 100 | 1 | _aDavies, Douglas James. | |
| 245 | 1 | 0 |
_aBishops, wives and children _h[electronic resource] : _bspiritual capital across the generations / _cDouglas J. Davies and Mathew Guest. |
| 260 |
_aAldershot, England ; _aBurlington, VT : _bAshgate Pub. Ltd., _cc2007. |
||
| 300 |
_aviii, 207 p., [8] p. of plates : _bill. |
||
| 504 | _aIncludes bibliographical references (p. [185]-196) and index. | ||
| 505 | 0 | _aReligious leadership in a changing society -- Bishop and church : changing times and institutions -- Changing persons, changing roles -- Suffragan and diocesan bishops -- The place of clergy wives : a 'shared ministry'? -- Growing up clerical -- Clergy children and religious identity -- Clergy children, work and professional identity -- Conclusions. | |
| 533 |
_aElectronic reproduction. _bPalo Alto, Calif. : _cebrary, _d2013. _nAvailable via World Wide Web. _nAccess may be limited to ebrary affiliated libraries. |
||
| 610 | 2 | 0 |
_aChurch of England _xBishops _xFamily relationships. |
| 650 | 0 |
_aChildren of clergy _zGreat Britain _xSocial conditions. |
|
| 650 | 0 |
_aBishops' spouses _zGreat Britain _xSocial conditions. |
|
| 650 | 0 |
_aChristian sociology _xChurch of England. |
|
| 650 | 0 |
_aChristian sociology _zGreat Britain. |
|
| 655 | 7 |
_aElectronic books. _2local |
|
| 700 | 1 | _aGuest, Mathew. | |
| 710 | 2 | _aebrary, Inc. | |
| 856 | 4 | 0 |
_uhttp://site.ebrary.com/lib/rucke/Doc?id=10211091 _zAn electronic book accessible through the World Wide Web; click to view |
| 999 |
_c227474 _d227474 |
||